| 000 | 01049nam a22003137a 4500 | ||
|---|---|---|---|
| 001 | 7754 | ||
| 003 | FISKH | ||
| 005 | 20250805083159.0 | ||
| 008 | 250805b cb ||||| |||| 00| 0 eng d | ||
| 020 | _a0439193222 | ||
| 040 |
_aFISKH _beng _cFISKH _dFISKH |
||
| 050 | _aPZ8.R1175 D | ||
| 082 | _a398.2 | ||
| 100 | _aRae , Jennifer | ||
| 245 |
_aDog tales / _cBy Jennifer Rae / Rose Cowles |
||
| 250 | _aFirst Scholastic printing, May 2000 | ||
| 260 |
_aNew York : _bScholastic , _c1998. |
||
| 300 |
_a28 pages : _bcolor illustrations ; _c28 cm . |
||
| 505 | _aK | ||
| 520 | _aPresents well-known fairy tales told from a dog's perspective and commented upon by wisecracking cats. Includes "Cindersmelly," "Jack Russell and the Beanstalk," and "The Doberman's New Clothes." | ||
| 521 | 8 |
_a510
_bLexile estimate |
|
| 521 | 8 |
_aK
_bRaz-Plus |
|
| 650 |
_aAnimal characters _vFiction |
||
| 650 |
_aEasy _vFiction |
||
| 650 |
_aDog _vFiction |
||
| 700 |
_aCowles , Rose _eIllustrator |
||
| 942 |
_2ddc _cBK _n0 |
||
| 999 |
_c7754 _d7754 |
||